000 00354nam a2200133Ia 4500
008 240624s9999 xx 000 0 und d
041 _aeng
082 _a338.4 MA
100 _aMA CHENGHU
245 _aADVANCED ASSET PRICING THEORY VOLUME 2
260 _c2011
_aLondon
_bImperial College Press
300 _axxxvi, : 780 : p. : cm. ; 23
365 _c
_b28
999 _c18818
_d18818